<?xml version="1.0" encoding="UTF-8"?>
<record
    xmlns:xsi="http://www.w3.org/2001/XMLSchema-instance"
    xsi:schemaLocation="http://www.loc.gov/MARC21/slim http://www.loc.gov/standards/marcxml/schema/MARC21slim.xsd"
    xmlns="http://www.loc.gov/MARC21/slim">

  <leader>03540nam a22003137a 4500</leader>
  <controlfield tag="001">8557</controlfield>
  <controlfield tag="003">FISKH</controlfield>
  <controlfield tag="005">20250929164321.0</controlfield>
  <controlfield tag="008">250929b        cb ||||| |||| 00| 0 eng d</controlfield>
  <datafield tag="020" ind1=" " ind2=" ">
    <subfield code="a">9789995094164</subfield>
  </datafield>
  <datafield tag="040" ind1=" " ind2=" ">
    <subfield code="a">FISKH</subfield>
    <subfield code="b">khr</subfield>
    <subfield code="c">FISKH</subfield>
    <subfield code="d">FISKH</subfield>
  </datafield>
  <datafield tag="050" ind1=" " ind2=" ">
    <subfield code="a">PZ7</subfield>
  </datafield>
  <datafield tag="082" ind1=" " ind2=" ">
    <subfield code="a">895.932</subfield>
  </datafield>
  <datafield tag="100" ind1=" " ind2=" ">
    <subfield code="a">Sotheary, Kimsun </subfield>
  </datafield>
  <datafield tag="245" ind1=" " ind2=" ">
    <subfield code="a">&#x1794;&#x17BB;&#x179A;&#x179F;&#x179F;&#x17D2;&#x1798;&#x17C5;&#x1780;&#x1793;&#x17D2;&#x178F;&#x17D2;&#x179A;&#x17BE;&#x1799;   : </subfield>
    <subfield code="b">The burr man / </subfield>
    <subfield code="c">&#x179A;&#x17C0;&#x1794;&#x179A;&#x17C0;&#x1784;&#x178A;&#x17C4;&#x1799; &#x17A2;&#x17D2;&#x1793;&#x1780;&#x179F;&#x17D2;&#x179A;&#x17B8; &#x1782;&#x17B9;&#x1798;&#x179F;&#x17CA;&#x17BB;&#x1793; &#x179F;&#x17BB;&#x1792;&#x17B6;&#x179A;&#x17B8; </subfield>
  </datafield>
  <datafield tag="260" ind1=" " ind2=" ">
    <subfield code="a">Phnom Penh : </subfield>
    <subfield code="b">Reading Books , </subfield>
    <subfield code="c">2008. </subfield>
  </datafield>
  <datafield tag="300" ind1=" " ind2=" ">
    <subfield code="a">28 pages : </subfield>
    <subfield code="b">color illustrations ;</subfield>
    <subfield code="c">25 cm . </subfield>
  </datafield>
  <datafield tag="490" ind1=" " ind2=" ">
    <subfield code="a">&#x1796;&#x17B7;&#x1797;&#x1796;&#x179A;&#x17BF;&#x1784;&#x1793;&#x17B7;&#x1791;&#x17B6;&#x1793;</subfield>
  </datafield>
  <datafield tag="505" ind1=" " ind2=" ">
    <subfield code="a">N 
</subfield>
  </datafield>
  <datafield tag="520" ind1=" " ind2=" ">
    <subfield code="a">&#x1798;&#x17B6;&#x1793;&#x1780;&#x17D2;&#x1798;&#x17C1;&#x1784;&#x1794;&#x17D2;&#x179A;&#x17BB;&#x179F;&#x1796;&#x17B8;&#x179A;&#x1793;&#x17B6;&#x1780;&#x17CB;&#x1788;&#x17D2;&#x1798;&#x17C4;&#x17C7;&#x179F;&#x17BB;&#x1781;&#x1793;&#x17B7;&#x1784;&#x179F;&#x17C5; &#x1787;&#x17B6;&#x1780;&#x17BC;&#x1793;&#x17A2;&#x17D2;&#x1793;&#x1780;&#x179F;&#x17D2;&#x179A;&#x17BB;&#x1780;&#x1797;&#x17BC;&#x1798;&#x17B7;&#x1787;&#x17B6;&#x1798;&#x17BD;&#x1799;&#x1782;&#x17D2;&#x1793;&#x17B6;&#x200B;&#x17D4;&#x200B; &#x179F;&#x17BB;&#x1781;&#x1787;&#x17B6;&#x1780;&#x17D2;&#x1798;&#x17C1;&#x1784;&#x179F;&#x17D2;&#x179B;&#x17BC;&#x178F;&#x178F;&#x17D2;&#x179A;&#x1784;&#x17CB; &#x178F;&#x17C2;&#x179F;&#x17C5;&#x1787;&#x17B6;&#x1780;&#x17D2;&#x1798;&#x17C1;&#x1784;&#x1798;&#x17B7;&#x1793;&#x179B;&#x17D2;&#x17A2; &#x17D4;&#x200B; &#x1796;&#x17BD;&#x1780;&#x1782;&#x17C1;&#x1794;&#x17B6;&#x1793;&#x1794;&#x1794;&#x17BD;&#x179B;&#x1782;&#x17D2;&#x1793;&#x17B6;&#x1785;&#x17BC;&#x179B;&#x1780;&#x17D2;&#x1793;&#x17BB;&#x1784;&#x1796;&#x17D2;&#x179A;&#x17C3;&#x178A;&#x17BE;&#x1798;&#x17D2;&#x1794;&#x17B8;&#x1780;&#x17B6;&#x1794;&#x17CB;&#x17AB;&#x179F;&#x17D2;&#x179F;&#x17B8;&#x1792;&#x17D2;&#x179C;&#x17BE;&#x1787;&#x17B6;&#x179A;&#x1793;&#x17B6;&#x1794; &#x17D4; &#x1796;&#x17C1;&#x179B;&#x1780;&#x17C6;&#x1796;&#x17BB;&#x1784;&#x17A0;&#x17BC;&#x1794;&#x1794;&#x17B6;&#x1799;&#x179F;&#x17C5;&#x1780;&#x17CF;&#x1799;&#x1780;&#x1780;&#x17B6;&#x17C6;&#x1794;&#x17B7;&#x178F;&#x1785;&#x17B6;&#x1780;&#x17CB;&#x1797;&#x17D2;&#x1793;&#x17C2;&#x1780;&#x179F;&#x17BB;&#x1781; &#x17A0;&#x17BE;&#x1799;&#x179F;&#x17C5;&#x1780;&#x17CF;&#x1792;&#x17B6;&#x1780;&#x17CB;&#x179F;&#x17BB;&#x1781;&#x1791;&#x1798;&#x17D2;&#x179B;&#x17B6;&#x1780;&#x17CB;&#x1785;&#x17BC;&#x179B;&#x1780;&#x17D2;&#x1793;&#x17BB;&#x1784;&#x1791;&#x17B9;&#x1780;&#x179F;&#x17D2;&#x1791;&#x17B9;&#x1784; &#x17D4;&#x200B; &#x179F;&#x17BB;&#x1781;&#x1780;&#x17CF;&#x1794;&#x17B6;&#x1793;&#x1787;&#x17BD;&#x1794;&#x1793;&#x17B9;&#x1784;&#x17A5;&#x179F;&#x17B8; &#x17A5;&#x179F;&#x17B8;&#x1780;&#x17CF;&#x1794;&#x17B6;&#x1793;&#x1787;&#x17BD;&#x1799;&#x179F;&#x17BB;&#x1781;&#x17A2;&#x17C4;&#x1799;&#x1798;&#x17B6;&#x1793;&#x1797;&#x17D2;&#x1793;&#x17C2;&#x1780;&#x1797;&#x17D2;&#x179B;&#x17B8; &#x1796;&#x17C1;&#x179B;&#x1791;&#x17C5;&#x178A;&#x179B;&#x17CB;&#x1795;&#x17D2;&#x1791;&#x17C7;&#x179F;&#x17BB;&#x1781;&#x1780;&#x17CF;&#x1794;&#x17B6;&#x1793;&#x1794;&#x17D2;&#x179A;&#x17B6;&#x1794;&#x17CB;&#x1787;&#x17B8;&#x178A;&#x17BC;&#x1793;&#x1793;&#x17BC;&#x179C;&#x17A2;&#x17D2;&#x179C;&#x17B8;&#x178A;&#x17C2;&#x179B;&#x1794;&#x17B6;&#x1793;&#x1780;&#x17BE;&#x178F;&#x17A1;&#x17BE;&#x1784; &#x17A0;&#x17BE;&#x1799;&#x1780;&#x17CF;&#x1794;&#x17B6;&#x1793;&#x1792;&#x17D2;&#x179C;&#x17BE;&#x178F;&#x17B6;&#x1798;&#x1794;&#x178E;&#x17D2;&#x178F;&#x17B6;&#x17C6;&#x17A5;&#x179F;&#x17B8;&#x1780;&#x17CF;&#x1780;&#x17BE;&#x178F;&#x1787;&#x17B6;&#x1798;&#x17B6;&#x179F;&#x1794;&#x17D2;&#x179A;&#x17B6;&#x1780;&#x17CB;&#x1796;&#x17C1;&#x1789;&#x1795;&#x17D2;&#x1791;&#x17C7; &#x17D4;&#x178A;&#x17C4;&#x1799;&#x1798;&#x17B6;&#x1793;&#x1785;&#x17B7;&#x178F;&#x17D2;&#x178F;&#x179B;&#x17C4;&#x1797;&#x179B;&#x1793;&#x17CB; &#x179F;&#x17C5;&#x1780;&#x17CF;&#x17A2;&#x17C4;&#x1799;&#x179F;&#x17BB;&#x1781;&#x1785;&#x17B6;&#x1780;&#x17CB;&#x1797;&#x17D2;&#x1793;&#x17C2;&#x1780;&#x1781;&#x17D2;&#x179B;&#x17BD;&#x1793;&#x200B; &#x17A0;&#x17BE;&#x1799;&#x1794;&#x17C4;&#x17C7;&#x1785;&#x17BC;&#x179B;&#x1780;&#x17D2;&#x1793;&#x17BB;&#x1784;&#x179F;&#x17D2;&#x1791;&#x17B9;&#x1784; &#x17A0;&#x17BE;&#x1799;&#x1780;&#x17CF;&#x179F;&#x17D2;&#x179B;&#x17B6;&#x1794;&#x17CB;&#x1793;&#x17C5;&#x1796;&#x17C1;&#x179B;&#x1793;&#x17C4;&#x17C7; &#x17D4; &#x179F;&#x17C5;&#x1780;&#x17CF;&#x1794;&#x17B6;&#x1793;&#x1780;&#x17BE;&#x178F;&#x1787;&#x17B6;&#x179F;&#x17D2;&#x1798;&#x17C5;&#x1780;&#x1793;&#x17D2;&#x178F;&#x17D2;&#x179A;&#x17BE;&#x1799;&#x200B;&#x178A;&#x17C2;&#x179B;&#x1785;&#x17BC;&#x179B;&#x1785;&#x17B7;&#x178F;&#x17D2;&#x178F;&#x1787;&#x17B6;&#x1794;&#x17CB;&#x179F;&#x17C6;&#x1796;&#x178F;&#x17CB;&#x1781;&#x17C4;&#x1798;&#x1793;&#x17BB;&#x179F;&#x17D2;&#x179F;&#x178A;&#x179B;&#x17CB;&#x179F;&#x1796;&#x17D2;&#x179C;&#x1790;&#x17D2;&#x1784;&#x17C3; &#x17D4;</subfield>
  </datafield>
  <datafield tag="520" ind1=" " ind2=" ">
    <subfield code="a">There were two boys named Sok and Sav who lived in the same village. Sok was a kind  boy, while Sao was mean. One day, they went into the forest together to cut bamboo .While they were eating lunch, Sao suddenly stabbed Sok in the eye with a knife and then pushed him into the river. Sok was later found by a hermit, who helped him and magically healed his eye. The hermit also gave Sok some instructions to follow. When Sok returned home, he told his grandmother everything that had happened. He followed the hermit&#x2019;s instructions, and as a result, his house was filled with gold and silver. Because of his greed, Sao asked Sok to stab his eye too and throw him into the river, hoping to receive the same fortune. But Sao died in the water instead. After his death, he was reincarnated as a sticky burr (a thorny grass) that clings to people&#x2019;s clothes&#x2014;something that continues to these  day.</subfield>
  </datafield>
  <datafield tag="521" ind1="8" ind2=" ">
    <subfield code="a">550 
</subfield>
    <subfield code="b">Lexile estimate 
</subfield>
  </datafield>
  <datafield tag="521" ind1="8" ind2=" ">
    <subfield code="a">N 
</subfield>
    <subfield code="b">Raz-Plus 
</subfield>
  </datafield>
  <datafield tag="650" ind1=" " ind2=" ">
    <subfield code="a">&#x1794;&#x17BB;&#x179A;&#x179F;&#x179F;&#x17D2;&#x1798;&#x17C5;&#x1780;&#x1793;&#x17D2;&#x178F;&#x17D2;&#x179A;&#x17BE;&#x1799;</subfield>
    <subfield code="v">&#x179A;&#x17BF;&#x1784;&#x1793;&#x17B7;&#x1791;&#x17B6;&#x1793;&#x1780;&#x17BB;&#x1798;&#x17B6;&#x179A;</subfield>
  </datafield>
  <datafield tag="650" ind1=" " ind2=" ">
    <subfield code="a">The burr men </subfield>
    <subfield code="v">Children's stories </subfield>
  </datafield>
  <datafield tag="700" ind1=" " ind2=" ">
    <subfield code="a">San, Thai </subfield>
    <subfield code="e">Illustrator </subfield>
  </datafield>
  <datafield tag="942" ind1=" " ind2=" ">
    <subfield code="2">ddc</subfield>
    <subfield code="c">KHB</subfield>
    <subfield code="n">0</subfield>
  </datafield>
  <datafield tag="999" ind1=" " ind2=" ">
    <subfield code="c">8557</subfield>
    <subfield code="d">8557</subfield>
  </datafield>
  <datafield tag="952" ind1=" " ind2=" ">
    <subfield code="0">0</subfield>
    <subfield code="1">0</subfield>
    <subfield code="2">ddc</subfield>
    <subfield code="4">0</subfield>
    <subfield code="7">0</subfield>
    <subfield code="a">002</subfield>
    <subfield code="b">002</subfield>
    <subfield code="c">TTP Khmer</subfield>
    <subfield code="d">2025-09-29</subfield>
    <subfield code="l">0</subfield>
    <subfield code="o">SOT 895.932</subfield>
    <subfield code="p">FIS04028</subfield>
    <subfield code="r">2025-09-29 16:43:00</subfield>
    <subfield code="t">1</subfield>
    <subfield code="w">2025-09-29</subfield>
    <subfield code="y">KHB</subfield>
  </datafield>
  <datafield tag="952" ind1=" " ind2=" ">
    <subfield code="0">0</subfield>
    <subfield code="1">0</subfield>
    <subfield code="2">ddc</subfield>
    <subfield code="4">0</subfield>
    <subfield code="7">0</subfield>
    <subfield code="a">002</subfield>
    <subfield code="b">002</subfield>
    <subfield code="c">TTP Khmer</subfield>
    <subfield code="d">2025-11-27</subfield>
    <subfield code="l">1</subfield>
    <subfield code="o">SOT 895.932</subfield>
    <subfield code="p">FIS04204</subfield>
    <subfield code="r">2025-12-19 15:24:00</subfield>
    <subfield code="s">2025-12-01</subfield>
    <subfield code="t">2</subfield>
    <subfield code="w">2025-11-27</subfield>
    <subfield code="y">KHB</subfield>
  </datafield>
  <datafield tag="952" ind1=" " ind2=" ">
    <subfield code="0">0</subfield>
    <subfield code="1">0</subfield>
    <subfield code="2">ddc</subfield>
    <subfield code="4">0</subfield>
    <subfield code="7">0</subfield>
    <subfield code="a">002</subfield>
    <subfield code="b">002</subfield>
    <subfield code="c">TTP Khmer</subfield>
    <subfield code="d">2025-12-05</subfield>
    <subfield code="l">0</subfield>
    <subfield code="o">SOT 895.932</subfield>
    <subfield code="p">2025-5068</subfield>
    <subfield code="r">2025-12-05 15:53:19</subfield>
    <subfield code="t">3</subfield>
    <subfield code="w">2025-12-05</subfield>
    <subfield code="y">KHB</subfield>
  </datafield>
</record>
